Normal view
MARC view
Entry Personal Name
001 - CONTROL NUMBER
- control field: 59739
003 - CONTROL NUMBER IDENTIFIER
- control field: OSt
005 - DATE AND TIME OF LATEST TRANSACTION
- control field: 20260311121600.0
008 - FIXED-LENGTH DATA ELEMENTS
- fixed length control field: 260311|| aca||aabn | a|a d
040 ## - CATALOGING SOURCE
- Original cataloging agency: OSt
- Transcribing agency: OSt
100 ## - HEADING--PERSONAL NAME
- Personal name: Baksi, Arup Kumar and Sanyal, Subhashree
670 ## - SOURCE DATA FOUND
- Source citation: Work cat.: (OSt): Baksi, Arup Kumar and Sanyal, Subhashree, Impact of entrepreneurial skill and competency on business performance: a quantitative study on farm tourism in Birbhum District in West Bengal
